| Поле | Инд. | ПП | Название | Значение |
|---|---|---|---|---|
| Тип записи | a | |||
| Библиографический уровень | b | |||
| 001 | Контрольный номер | RU/IS/BASE/187802922 | ||
| 005 | Дата корректировки | 20210111125403.5 | ||
| 008 | Кодируемые данные | 20051213 | ||
| 084 | a | Индекс другой классификации/Индекс ББК | 88.9; 60.941.8 | |
| 100 | 1_ | a | Автор | Моров А. В. |
| q | Полное имя | Моров Алексей Васильевич | ||
| 245 | 10 | a | Заглавие | Опыт привлечения студентов-волонтеров г. Йошкар-Олы к профилактике подростковой девиации в рамках международной программы "Большие Братья / Большие Сестры" |
| 504 | a | Библиография | Лит. в конце статьи | |
| 650 | 04 | a | Основная рубрика | практическая психология (прикладная психология) |
| a | Основная рубрика | психология | ||
| a | Основная рубрика | социальная работа | ||
| 653 | 0_ | a | Ключевые слова | волонтерство |
| a | Ключевые слова | девиантное поведение | ||
| a | Ключевые слова | добровольная помощь | ||
| a | Ключевые слова | Йошкар-Ола | ||
| a | Ключевые слова | коррекционно-реабилитационная работа | ||
| a | Ключевые слова | педагогическая помощь | ||
| a | Ключевые слова | подростки | ||
| a | Ключевые слова | профилактика девиантного поведения | ||
| a | Ключевые слова | психологическая помощь | ||
| a | Ключевые слова | регионы России | ||
| a | Ключевые слова | Россия | ||
| a | Ключевые слова | социальная помощь | ||
| a | Ключевые слова | социальная профилактика | ||
| a | Ключевые слова | студенты-волонтеры | ||
| a | Ключевые слова | трудные подростки | ||
| a | Ключевые слова | центры социальной профилактики | ||
| 773 | 18 | t | Заглавие источника | Вестник психосоциальной и коррекционно-реабилитационной работы |
| d | Дата издания источника | 2005 | ||
| g | Прочая информация | № 4. - С. 77 - 90 | ||
| w | Контрольный № источника | RU/IS/BASE/187364321 | ||
| 901 | t | Тип документа | b |